Girls resist! : (Record no. 590536)

000 -LEADER
fixed length control field 03601cam a22006857i 4500
001 - CONTROL NUMBER
control field 20144961
003 - CONTROL NUMBER IDENTIFIER
control field NUST
005 - DATE AND TIME OF LATEST TRANSACTION
control field 20220828155441.0
008 - FIXED-LENGTH DATA ELEMENTS--GENERAL INFORMATION
fixed length control field 171116t20182018paua d b 001 0 eng d
010 ## - LIBRARY OF CONGRESS CONTROL NUMBER
LC control number 2017961224
020 ## - INTERNATIONAL STANDARD BOOK NUMBER
International Standard Book Number 9781683690597
035 ## - SYSTEM CONTROL NUMBER
System control number (OCoLC)on1007554203
038 ## - RECORD CONTENT LICENSOR
Staff Name Azhar
040 ## - CATALOGING SOURCE
Original cataloging agency YDX
Language of cataloging eng
Transcribing agency YDX
Description conventions rda
Modifying agency BDX
-- TOH
-- SMDRL
-- CPL
-- ILC
-- LNC
-- JP3
-- UAP
-- QQ3
-- JBL
-- IGA
-- OCLCF
-- GK8
-- PAP
-- INR
-- DLC
042 ## - AUTHENTICATION CODE
Authentication code lccopycat
050 00 - LIBRARY OF CONGRESS CALL NUMBER
Classification number HQ1236
Item number .R52 2018
082 04 - DEWEY DECIMAL CLASSIFICATION NUMBER
Classification number 305.4201
Edition number 23
Author Mark RIC
100 1# - MAIN ENTRY--PERSONAL NAME
Personal name Rich, KaeLyn,
Relator term author.
9 (RLIN) 94683
245 10 - TITLE STATEMENT
Title Girls resist! :
Remainder of title a guide to activism, leadership, and starting a revolution
Statement of responsibility, etc. by KaeLyn Rich.
260 ## - PUBLICATION, DISTRIBUTION, ETC.
Place of publication, distribution, etc. Philadelphia :
Name of publisher, distributor, etc. Quirk Books,
Date of publication, distribution, etc. 2018
300 ## - PHYSICAL DESCRIPTION
Extent 238 pages :
Other physical details color illustrations ;
Dimensions 20 cm
336 ## - CONTENT TYPE
Content type term text
Content type code txt
Source rdacontent
337 ## - MEDIA TYPE
Media type term unmediated
Media type code n
Source rdamedia
338 ## - CARRIER TYPE
Carrier type term volume
Carrier type code nc
Source rdacarrier
504 ## - BIBLIOGRAPHY, ETC. NOTE
Bibliography, etc. note Includes bibliographical references (page 228) and index.
505 0# - FORMATTED CONTENTS NOTE
Formatted contents note Power up the girl resistance -- Creating (and crushing) your first campaign plan -- Protests, petitions, and taking action -- Media, messaging, and talking the talk -- Fundraise for the girl revolution -- Group dynamics and rallying your troops -- Speaking up and standing with -- Caring for yourself and your community.
520 ## - SUMMARY, ETC.
Summary, etc. An activism handbook for teen girls ready to fight for change, social justice, and equality. Take on the world and make some serious change with this handbook to everything activism, social justice, and resistance. With in-depth guides to everything from picking a cause, planning a protest, and raising money to running dispute-free meetings, promoting awareness on social media, and being an effective ally. Get this handbook to crush inequality, start a revolution, and resist!
563 ## - BINDING INFORMATION
Binding note PB
650 #0 - SUBJECT ADDED ENTRY--TOPICAL TERM
Topical term or geographic name entry element Women political activists
Form subdivision Juvenile literature.
9 (RLIN) 94684
650 #0 - SUBJECT ADDED ENTRY--TOPICAL TERM
Topical term or geographic name entry element Women's rights
Form subdivision Juvenile literature.
9 (RLIN) 94685
650 #0 - SUBJECT ADDED ENTRY--TOPICAL TERM
Topical term or geographic name entry element Teenage girls
General subdivision Political activity
Form subdivision Juvenile literature.
9 (RLIN) 94686
650 #0 - SUBJECT ADDED ENTRY--TOPICAL TERM
Topical term or geographic name entry element Teenage girls
General subdivision Conduct of life.
9 (RLIN) 94687
650 #0 - SUBJECT ADDED ENTRY--TOPICAL TERM
Topical term or geographic name entry element Feminism.
9 (RLIN) 94688
650 #0 - SUBJECT ADDED ENTRY--TOPICAL TERM
Topical term or geographic name entry element Protest movements.
9 (RLIN) 94689
650 #0 - SUBJECT ADDED ENTRY--TOPICAL TERM
Topical term or geographic name entry element Social reformers.
9 (RLIN) 82022
650 #0 - SUBJECT ADDED ENTRY--TOPICAL TERM
Topical term or geographic name entry element Social justice.
9 (RLIN) 36462
650 #0 - SUBJECT ADDED ENTRY--TOPICAL TERM
Topical term or geographic name entry element Human rights workers.
9 (RLIN) 94690
650 #1 - SUBJECT ADDED ENTRY--TOPICAL TERM
Topical term or geographic name entry element Voluntarism.
9 (RLIN) 92007
650 #1 - SUBJECT ADDED ENTRY--TOPICAL TERM
Topical term or geographic name entry element Social action.
9 (RLIN) 94691
650 #1 - SUBJECT ADDED ENTRY--TOPICAL TERM
Topical term or geographic name entry element Community development.
9 (RLIN) 94692
650 #7 - SUBJECT ADDED ENTRY--TOPICAL TERM
Topical term or geographic name entry element YOUNG ADULT NONFICTION / Girls & Women.
Source of heading or term bisacsh
9 (RLIN) 94693
650 #7 - SUBJECT ADDED ENTRY--TOPICAL TERM
Topical term or geographic name entry element YOUNG ADULT NONFICTION / Social Science / Politics & Government.
Source of heading or term bisacsh
9 (RLIN) 94694
650 #7 - SUBJECT ADDED ENTRY--TOPICAL TERM
Topical term or geographic name entry element YOUNG ADULT NONFICTION / Social Topics / Civil & Human Rights.
Source of heading or term bisacsh
9 (RLIN) 94695
650 #7 - SUBJECT ADDED ENTRY--TOPICAL TERM
Topical term or geographic name entry element Feminism.
Source of heading or term fast
Authority record control number or standard number (OCoLC)fst00922671
9 (RLIN) 94688
650 #7 - SUBJECT ADDED ENTRY--TOPICAL TERM
Topical term or geographic name entry element Human rights workers.
Source of heading or term fast
Authority record control number or standard number (OCoLC)fst00963353
9 (RLIN) 94690
650 #7 - SUBJECT ADDED ENTRY--TOPICAL TERM
Topical term or geographic name entry element Protest movements.
Source of heading or term fast
Authority record control number or standard number (OCoLC)fst01079826
9 (RLIN) 94689
650 #7 - SUBJECT ADDED ENTRY--TOPICAL TERM
Topical term or geographic name entry element Social justice.
Source of heading or term fast
Authority record control number or standard number (OCoLC)fst01122603
9 (RLIN) 36462
650 #7 - SUBJECT ADDED ENTRY--TOPICAL TERM
Topical term or geographic name entry element Social reformers.
Source of heading or term fast
Authority record control number or standard number (OCoLC)fst01122841
9 (RLIN) 82022
650 #7 - SUBJECT ADDED ENTRY--TOPICAL TERM
Topical term or geographic name entry element Teenage girls
General subdivision Conduct of life.
Source of heading or term fast
Authority record control number or standard number (OCoLC)fst01145419
9 (RLIN) 94687
650 #7 - SUBJECT ADDED ENTRY--TOPICAL TERM
Topical term or geographic name entry element Women political activists.
Source of heading or term fast
Authority record control number or standard number (OCoLC)fst01178374
9 (RLIN) 28131
650 #7 - SUBJECT ADDED ENTRY--TOPICAL TERM
Topical term or geographic name entry element Women's rights.
Source of heading or term fast
Authority record control number or standard number (OCoLC)fst01178818
9 (RLIN) 94049
655 #0 - INDEX TERM--GENRE/FORM
Genre/form data or focus term Young adult literature.
9 (RLIN) 94696
655 #4 - INDEX TERM--GENRE/FORM
Genre/form data or focus term Nonfiction.
9 (RLIN) 34973
655 #7 - INDEX TERM--GENRE/FORM
Genre/form data or focus term Juvenile works.
Source of term fast
Authority record control number (OCoLC)fst01411637
9 (RLIN) 94697
655 #7 - INDEX TERM--GENRE/FORM
Genre/form data or focus term Young adult nonfiction.
Source of term lcgft
9 (RLIN) 94698
906 ## - LOCAL DATA ELEMENT F, LDF (RLIN)
a 7
b cbc
c copycat
d 2
e ncip
f 20
g y-gencatlg
942 ## - ADDED ENTRY ELEMENTS (KOHA)
Source of classification or shelving scheme
Koha item type Lincoln Corner
Holdings
Withdrawn status Lost status Source of classification or shelving scheme Damaged status Not for loan Permanent Location Current Location Shelving location Date acquired Full call number Barcode Date last seen Price effective from Koha item type
          Central Library (CL) Central Library (CL) Lincoln Corner 07/23/2022 305.4201 RIC LC-35 07/23/2022 07/23/2022 Reference
© 2023 Central Library, National University of Sciences and Technology. All Rights Reserved.